000 00672nam a2200229Ia 4500
005 20220216094721.0
008 210716s2012 xx 000 0 und d
020 _a9789332542198
040 _cAIMIT LIBRARY
041 _aeng
082 _a658.3
_214
_bDESG
100 _aDessler, Gary.
_920086
245 _aHuman resource management :
_cBy Gary Dessler and Biju Varkkey.
250 _a14th
260 _aNew Delhi :
_bPearson ;
_c2012.
300 _axxix, 570p ;
_c25cm.
650 _aIntroduction
_920087
650 _aTraining and development
_920088
650 _aCompensation
_920089
700 _aVarkkey, Biju.
_920090
942 _2ddc
_cBK
_e14th
_k658.3 DESG
999 _c209741
_d209741